000 01355nam a22003491i 4500
001 bslw10111626
005 20240305165706.0
006 m o d
007 cr un ---uuuua
008 231220s2021 ck ob 000 0 spa d
020 _a9789563929782
035 _a42262
040 _aUtOrBLW
_beng
_erda
_cUtOrBLW
043 _as-ck---
050 4 _aKHH3269
_b.S26 2021
082 0 4 _a342.088
_223
100 1 _aSantofimio G., Jaime Orlando,
_eauthor.
245 1 0 _aResponsabilidad del estado por la actividad judicial :
_bprivación injusta, error y defectuoso funcionamiento /
_cJaime Orlando Santofimio Gamboa ; con la colaboración de, Andres Mauricio Briceño Chaves.
250 _aSegunda edición en Ediciones Olejnik.
264 1 _aBogotá, D.C. ;
_aSantiago, Chile :
_bGrupo Editorial Ibáñez :
_bEdiciones Olejnik,
_c2021.
300 _a1 online resource (188 pages )
336 _atext
_btxt
_2rdacontent
337 _acomputer
_bc
_2rdamedia
338 _aonline resource
_bcr
_2rdacarrier
504 _aIncludes bibliographical references.
610 1 0 _aColombia.
_bConsejo de Estado.
650 0 _aAdministrative responsibility
_zColombia.
650 0 _aJustice, Administration of
_zColombia.
700 1 _aBriceño Chaves, Andrés Mauricio,
_eauthor.
856 4 0 _uhttps://app.vlex.com/#/sources/42262
942 _cRAA
999 _c173701
_d173701